Správne právo Zásada prezumcie neviny v konaní o priestupkoch

Podrobná bibliografia
Médium: Článok
Jazyk:slovenčina
ISSN:0046-385X
Predmet:

MARC

LEADER 00000nab a2200000 a 4500
001 vtls000628419
003 SK-MaSNL
005 20260304091557.0
008 250425c1997 xo 0 slo
015 |a SNBRB19rr/mm-uuuuu 
035 |a CL0628558 
035 |a urn:nbn:sk:snk-ab7280 
035 |a (uuid)c813809e-fc79-448f-94d0-843e647da627 
035 |a (urnnbn)urn:nbn:sk:snk:ar-a06phu 
035 |a (sysno)vtls000628419 
040 |a SNKBUCL  |b slo  |c SNKBUCL  |e AACR2 
041 0 |a slo 
044 |a xo  |c SK 
080 |a 343.232:343.14:347.95  |2 1981 
080 |a 343.14  |2 1981 
080 |a 347.95  |2 1981 
245 0 0 |a Správne právo  |b Zásada prezumcie neviny v konaní o priestupkoch 
650 0 7 |a konanie o priestupkoch  |2 snkbucl  |9 360294 
650 0 7 |a prezumpcia neviny  |2 snkbucl  |9 304680 
655 7 |a články z novín a časopisov  |2 snkbucl  |9 267496 
773 0 |t Zo súdnej praxe  |g Roč. 2, č. 3 (1997), s. 69-71  |x 0046-385X 
850 |a Slovenská národná knižnica 
852 |a Slovenská národná knižnica 
954 |a odborná, vedecká literatúra pôvodná (slovenská)  |2 lita 
958 |a article27 
958 |a RK 
958 |a OND 
958 |a EUIPO 
992 |a RBX 
999 |c 2815914  |d 2817844